000 01579cam a22003371a 4500
001 gs 57000154
003 DLC
005 20260227111405.0
008 800826s1957 dcuab b f001 0 eng
010 _ags 57000154
035 _a(OCoLC)6657148
040 _aDLC
_cNIC
_dDNAL
_dDLC
050 0 0 _aTC801
_b.U2 no. 1412
051 _aQK871
_b.M65
070 0 _a407
_bG29W no.1412
072 0 _aP200
100 1 _aMower, R. W.
_q(Reed W.),
_d1924-
245 1 0 _aWater consumption by water-loving plants in the Malad Valley, Oneida County, Idaho;
_ba study of plant species and their distribution in relation to the geology and hydrology of their environment /
_cby R.W. Mower and R.L. Nace.
260 _aWashington, D.C. :
_bU.S. G.P.O.,
_c1957.
300 _aiv, 33 p. :
_bill., maps ;
_c24 cm.
440 0 _aGeological Survey water-supply paper ;
_v1412
500 _aTwo folded maps in pocket.
500 _a"A study of plant species and their distribution in relation to the geology and hydrology of their environment."
500 _ano. 1410-1413 Supplemented by : 15 folded maps and plates in portfolio.
501 _aTC801 .U2 no. 1412 with : Geology and ground-water resources of the lower Lodgepole Creek drainage basin, Nebraska / Louis J. Bjorklund. Washington : U. S. Govt. Print. Off., 1957. Bound together subsequent to publication.
_5DLC
504 _aBibliography: p. 30-31.
500 _aIncludes index.
650 0 _aPlants
_zIdaho
_zOneida County.
650 0 _aPlants
_xAbsorption of water.
700 1 _aNace, Raymond L.
_q(Raymond Lee),
_d1907-1987.
999 _c29145
_d29145